| 000 | 00599nam a2200169 a 4500 | ||
|---|---|---|---|
| 008 | 151021s1988 ||||||||||||||||| || u | ||
| 020 | _a013556168x | ||
| 050 | _aHF 5415.13 Kot | ||
| 100 | _aKotler, Philip | ||
| 245 | 1 | 0 |
_aInstructors manual: marketing management _cBy Philip Kotler |
| 250 | _a6th ed. | ||
| 260 |
_aNew Jersey: _bPrentice Hall _c1988 |
||
| 300 | _alv, 334p. | ||
| 350 | _a0.00 | ||
| 650 | _aMARKETING MANAGEMENT | ||
| 995 |
_FCBU-MAIN LIBRARY (Kitwe) _I0.00 _M1 _UAVAILABLE _WNov 16, 2015 _ZMain Library Open Access Collection |
||
| 999 |
_c47091 _d47091 |
||